00887cam a22002535a 450000100100000000500170001000800410002702000210006802000210008902000150011004000260012508200190015124500870017026000670025730000320032450400510035665000350040765100100044265300220045270000350047494200080050999900170051795200990053401002569120180104105238.0780417s1978 enka frb 001 0 eng d a0063180642 (Pbk) a0060407859 (USA) a0063180650 aUkcUkbengdEG-ScBUE04a304.2222bFUN00aFundamentals of human geography :ba reader /cedited by John Blunden ... [et al.] aLondon :bHarper and Row for the Open University Press,c1978. ax, 382 p. :bill. ;c26 cm. aIncludes bibliographical references and index. 7aHuman geography.2BUEsh924253 2BUEsh bGGENcJanuary20181 aBlunden, John,d1934-eeditor. 2ddc c25851d25823 00102ddc4070aMAINbMAINc1STd2018-01-04l0o304.2 FUNp000047083r2025-07-15 00:00:00yBB